Central Library OPAC University of Rajshahi

A descriptive account of Asam : (Record no. 27227)

MARC details
000 -LEADER
fixed length control field 01049cam a2200265 i 4500
001 - CONTROL NUMBER
control field 27227
003 - CONTROL NUMBER IDENTIFIER
rucl marc code BD-RjUL
005 - DATE AND TIME OF LATEST TRANSACTION
control field 20211209051129.0
008 - FIXED-LENGTH DATA ELEMENTS--GENERAL INFORMATION
fixed length control field 140324r19751841ii 001 0 eng
035 ## - SYSTEM CONTROL NUMBER
System control number (BD-RjUL)27299)
040 ## - CATALOGING SOURCE
Original cataloging agency DLC
Transcribing agency DLC
Modifying agency BD-RjUL
Language of cataloging eng
041 ## - LANGUAGE CODE
Language code of text/sound track or separate title eng
082 00 - DEWEY DECIMAL CLASSIFICATION NUMBER
Classification number 954.162031
Author mark and year ROD 1975
100 1# - MAIN ENTRY--PERSONAL NAME
Personal name Robinson, William
9 (RLIN) 83545
245 12 - TITLE STATEMENT
Title A descriptive account of Asam :
Remainder of title with a sketch of the local geography and a concise history of the tea-plant of Asam, to which is added a short account of the neighbouring tribes, exhibiting their history, manners, and customs /
Statement of responsibility, etc. by William Robinson.
260 ## - PUBLICATION, DISTRIBUTION, ETC. (IMPRINT)
Place of publication, distribution, etc. Delhi :
Name of publisher, distributor, etc. Sanskaran Prakashak,
Date of publication, distribution, etc. 1975.
300 ## - PHYSICAL DESCRIPTION
Pagination xv, 433 p. :
Size 22 cm.
Illustrations ill. ;
500 ## - GENERAL NOTE
General note Reprint of the 1841 ed. published by Ostell & Lepage, Calcutta.
General note Includes index.
650 #0 - SUBJECT ADDED ENTRY--TOPICAL TERM
Topical term or geographic name as entry element Natural history
Geographic subdivision India
-- Assam.
9 (RLIN) 83546
651 #0 - SUBJECT ADDED ENTRY--GEOGRAPHIC NAME
Geographic name Assam (India)
General subdivision Geography.
9 (RLIN) 83547
942 ## - ADDED ENTRY ELEMENTS (KOHA)
Source of classification or shelving scheme Dewey Decimal Classification
Koha item type Books
Holdings
Lost status Source of classification or shelving scheme Damaged status Not for loan Collection code Permanent Location Current Location Shelving location Date acquired Source of acquisition Cost, normal purchase price Total Checkouts Full call number Date last seen Copy number Koha item type
  Dewey Decimal Classification   Added to bundle Non-fiction Central Library, University of Rajshahi Central Library, University of Rajshahi Reading Room 10/05/1980 K.P.Banglia 100.00   954.162031 ROD 1975 24/03/2014 C-1 Books